000 01013nam a22003377a 4500
001 0015993
003 KOHA_MİRAKIL
005 20260207002050.0
007 ta
008 180301b1999 tu |||gr||||#||||0|tur |
020 _a9754611734
040 _aTR-BiSEU
_btur
_cTR-BiSEU
_erda
041 0 _atur
044 _ctu
050 _aTK7871.99
_b.G85 1999
100 1 _aGülgün, Remzi.
245 1 _aGüç elektroniği/
_cRemzi Gülgün ; Remzi Gülgün.
250 _a2 bsk.
264 1 _aİstanbul :
_bYıldız Teknik Üniversitesi
_c1999
300 _a418 sayfa: resimli; 24 cm.
336 _ametin
_btxt
_2rdacontent
337 _aaracısız
_bn
_2rdamedia
338 _acilt
_bnc
_2rdacarrier
650 0 _aGüç elektroniği.
_92491
650 0 _aGüç yarıiletkenleri.
_92492
650 0 _aElektrik akımı dönüştürücüler.
_92493
650 0 _aPower electronics.
_92494
650 0 _aPower semiconductors.
_92495
650 0 _aElectric current converters.
_92496
942 _2lcc
_cBK
999 _c15955
_d15955